| 000 | 01274cam a22003257a 4500 | ||
|---|---|---|---|
| 001 | 9188 | ||
| 003 | FISKH | ||
| 005 | 20251128085848.0 | ||
| 008 | 040504s2003 nyua 000 0 eng | ||
| 010 | _a 2004273617 | ||
| 020 | _a0439583535 | ||
| 020 | _a9780439583534 | ||
| 040 |
_aDLC _cDLC _dDLC _beng |
||
| 050 | _aPZ7.H4315 H | ||
| 082 | _a 813 | ||
| 100 | 1 |
_aHerman, Gail, _d1959- |
|
| 245 | 1 | 0 |
_aHalloween howl / _cadapted by Gail Herman from the television script "The monster in 3-B" by Suzanne Collins ; based on the Scholastic book series "Clifford The big red dog" by Norman Bridwell ; illustrated by Barry Goldberg. |
| 260 |
_aNew York : _bScholastic, _c2003. |
||
| 300 |
_a24 unnumbered pages : _bcolor illustrations ; _c21 cm |
||
| 490 | 0 | _aClifford's puppy days | |
| 505 | _aE | ||
| 520 | _aOn Clifford's first Halloween, he and his friends decide the mysterious howling coming from the new neighbor's apartment is a monster. | ||
| 521 | 8 |
_a230
_bLexile estimate |
|
| 521 | 8 |
_aE
_bRaz-Plus |
|
| 650 |
_aClifford _vHalloween _xpicture book |
||
| 856 | 4 | 2 |
_3Publisher description _uhttp://www.loc.gov/catdir/enhancements/fy1115/2004273617-d.html |
| 906 |
_a7 _bcbc _corignew _d4 _encip _f20 _gy-gencatlg |
||
| 942 |
_2ddc _cBK _n0 |
||
| 999 |
_c9188 _d9188 |
||